Developing country coordination in international intellectual property standard-setting
Saved in:
| 主要作者: | |
|---|---|
| 格式: | 圖書 |
| 語言: | 英语 |
| 出版: |
Ginebra
South Centre
2005
|
| 叢編: | Working Papers, 24
|
| 主題: | |
| 標簽: |
添加標簽
沒有標簽, 成為第一個標記此記錄!
|
MARC
| LEADER | 00000nam a2200000 a 4500 | ||
|---|---|---|---|
| 001 | UCJ0363 | ||
| 003 | CL-VaPUC | ||
| 008 | 060721e20050000SZ |||||||||||||||||eng|d | ||
| 082 | 0 | 4 | |a 341.758 |b LAT |2 21 |
| 100 | |a Latif, Ahmed Abdel |e author |9 500508 | ||
| 245 | 1 | 0 | |a Developing country coordination in international intellectual property standard-setting |
| 300 | |a 41 p | ||
| 942 | |c BK | ||
| 945 | |d 20060721 00:00:00 |a cmena | ||
| 260 | |a Ginebra |b South Centre |c 2005 | ||
| 650 | 7 | |a PATENTES |2 CL-VaPUC |9 259099 | |
| 650 | 0 | |a Propiedad intelectual |9 256126 | |
| 650 | 0 | |a Países en desarrollo |9 259663 | |
| 650 | 0 | |a Investigación científica |9 259857 | |
| 650 | 0 | |a Política gubernamental |9 262286 | |
| 650 | 0 | |a Derecho internacional |9 255637 | |
| 583 | |a last modification |c 20130305 04:12:55 |k Rodrigo Vera | ||
| 490 | 0 | |a Working Papers, 24 | |
| 999 | |c 317221 |d 317219 | ||
| 952 | |0 0 |1 0 |4 0 |6 341_758000000000000_LAT_2005 |7 0 |8 A |9 393248 |a BIBING |b BIBING |d 2019-11-22 |i 4258363 |o 341.758 LAT 2005 |p 4258363 |r 2025-01-20 |w 2019-11-22 |y BK |k ING | ||